Statistiken für Liedtext - Abenteuerland - Pur

Klicken Sie hier um das Quiz zu spielen!

Allgemein

  • Dieses Quiz wurde 405 mal gespielt
  • Das Durchschnittsergebnis liegt bei 278 aus 401

Antwortstatistiken

Textquiz% Korrekt
Abenteuerland
98%
In
98%
in
98%
Komm
98%
komm
98%
mit
98%
ins
97%
mir
96%
Ein
90%
ein
90%
Der
88%
der
88%
auf
86%
Auf
86%
den
86%
da
84%
Reise
84%
Verstand
83%
deine
82%
Deine
82%
das
81%
Das
81%
Die
81%
die
81%
kostet
80%
Eintritt
79%
eigene
77%
und
77%
Und
77%
dir
76%
Du
75%
du
75%
es
74%
Es
72%
es
72%
Ich
72%
ich
72%
Weise
72%
Er
70%
Phantasie
68%
Land
67%
tu
67%
mich
65%
zu
63%
an
62%
Hand
61%
zeig
59%
Kleine
58%
schenkt
58%
was
58%
will
58%
dich
57%
ist
57%
Junge
57%
nimmt
54%
wenn
54%
kleiner
53%
Weg
53%
weg
53%
deiner
52%
nicht
52%
Trau
52%
Himmel
51%
im
51%
Alles
50%
kannst
50%
macht
50%
Macht
50%
hast
49%
hier
49%
seh'
49%
sind
49%
vor
49%
raus
48%
willst
48%
liegt
47%
fliegen
46%
Hook
46%
triste
46%
deinem
45%
graues
45%
krank
45%
laut
45%
Pan
45%
Peter
45%
Tuch
45%
winkt
45%
Wunsch
45%
wünsch
45%
Captain
44%
mehr
44%
nur
44%
verlernt
44%
grinst
43%
lauter
43%
schweres
43%
Gewohnheit
42%
hab
42%
leer
42%
noch
42%
Schule
42%
sehen
42%
Sinne
42%
Batterien
41%
Besuch
41%
Lange
41%
Pferd
41%
versäumen
41%
fast
40%
Feuerdrachen
40%
kriegen
40%
Spiegel
40%
drin
39%
größte
39%
möglich
39%
nichts
39%
träumen
39%
flitzen
38%
siebzehn
38%
lachen
37%
Labyrinth
36%
spinnen
36%
dem
35%
erstickt
35%
hören
35%
aus
34%
Solange
34%
tanzen
34%
aufgetankt
32%
Engel
31%
spinnst
31%
verstrickt
31%
Armee
30%
Urgeschrei
30%
Finger
29%
sich
29%
Wind
29%
Zeigefinger
29%
Donnervögel
28%
Lied
28%
Wolken
28%
Zauberkraft
28%
Bild
27%
dieses
27%
mal'n
27%
Neue
27%
streck'
27%
taumeln
27%
verwandle
27%
jeder
26%
pfeift
25%
dazu
24%
erfüllt
24%
flippen
24%
Form
23%
verhexe
23%
brüllt
22%
verspielt
22%
wild
21%
ihr
20%
erfinde
19%
Kommt
14%
schön
13%
verbanne
12%
yeah
6%
Seid
5%
dabei
2%

Verteilung der Resultate

Perzentil nach korrekt beantworteten Fragen

Anzahl Personen mit jedem Resultat

Ihre Resultats-Entwicklung

Sie haben dieses Quiz noch nicht gespielt